V-5 TUZ DEDEKTİFLERİ ESRARENGİZ MEKTUP KİMİN (Record no. 588643)
[ view plain ]
| 000 -LEADER | |
|---|---|
| sabit uzunluktaki kontrol alanı | 00310nam a2200109Ia 4500 |
| 001 - KONTROL NUMARASI | |
| kontrol alanı | 588643 |
| 005 - EN SON İŞLEMİN TARİH VE ZAMANI | |
| kontrol alanı | 20250717120835.0 |
| 008 - SABİT-UZUNLUKTA VERİ ÖĞELERİ--GENEL BİLGİ | |
| sabit uzunluktaki kontrol alanı | 250717s9999 xx 000 0 und d |
| 245 #0 - ESER / YAZAR | |
| ESER ADI | V-5 TUZ DEDEKTİFLERİ ESRARENGİZ MEKTUP KİMİN |
| Yazar Adı | FATMA ÇAĞDAŞ ÇÖREKÇİ |
| 260 ## - YAYIN, DAĞITIM, VB. | |
| YAYIN EVİ | ERDEM YAYINLARI |
| Yayın, dağıtım tarihi, vb. | 2019 |
| 300 ## - FİZİKSEL AÇIKLAMA | |
| Diğer fiziksel ayrıntılar | 78 |
No items available.